<?xml version="1.0" encoding="UTF-8"?>
<record
    xmlns:xsi="http://www.w3.org/2001/XMLSchema-instance"
    xsi:schemaLocation="http://www.loc.gov/MARC21/slim http://www.loc.gov/standards/marcxml/schema/MARC21slim.xsd"
    xmlns="http://www.loc.gov/MARC21/slim">

  <leader>02946nam1a22004091  4500</leader>
  <controlfield tag="001">RU\NLR\A1\22068</controlfield>
  <controlfield tag="005">20260409064839.0</controlfield>
  <datafield tag="035" ind1=" " ind2=" ">
    <subfield code="a">(NLR Aleph) 009676535</subfield>
  </datafield>
  <datafield tag="090" ind1=" " ind2=" ">
    <subfield code="a">9684858</subfield>
    <subfield code="c">9684858</subfield>
  </datafield>
  <datafield tag="100" ind1=" " ind2=" ">
    <subfield code="a">19980622d1790    u  y0rusy50      ca</subfield>
  </datafield>
  <datafield tag="101" ind1="0" ind2=" ">
    <subfield code="a">rus</subfield>
  </datafield>
  <datafield tag="102" ind1=" " ind2=" ">
    <subfield code="a">RU</subfield>
  </datafield>
  <datafield tag="200" ind1="1" ind2=" ">
    <subfield code="a">&#x41D;&#x430;&#x447;&#x430;&#x43B;&#x44C;&#x43D;&#x44B;&#x44F; &#x43E;&#x441;&#x43D;&#x43E;&#x432;&#x430;&#x43D;&#x438;&#x44F; &#x434;&#x435;&#x44F;&#x442;&#x435;&#x43B;&#x44C;&#x43D;&#x44B;&#x44F; &#x432;&#x440;&#x430;&#x447;&#x435;&#x431;&#x43D;&#x44B;&#x44F; &#x43D;&#x430;&#x443;&#x43A;&#x438;</subfield>
    <subfield code="f">&#x421;&#x43E;&#x447;&#x438;&#x43D;&#x435;&#x43D;&#x438;&#x435; &#x41C;&#x430;&#x442;&#x432;&#x435;&#x44F; &#x41F;&#x435;&#x43A;&#x435;&#x43D;&#x430;, &#x43D;&#x430;&#x434;&#x432;&#x43E;&#x440;&#x43D;&#x430;&#x433;&#x43E; &#x441;&#x43E;&#x432;&#x435;&#x442;&#x43D;&#x438;&#x43A;&#x430; &#x438; &#x43F;&#x440;&#x43E;&#x444;&#x435;&#x441;&#x441;&#x43E;&#x440;&#x430; &#x43F;&#x440;&#x438; &#x41A;&#x440;&#x43E;&#x43D;&#x448;&#x442;&#x430;&#x442;&#x441;&#x43A;&#x43E;&#x43C; &#x432;&#x440;&#x430;&#x447;&#x435;&#x431;&#x43D;&#x43E;&#x43C; &#x443;&#x447;&#x438;&#x43B;&#x438;&#x449;&#x435;</subfield>
    <subfield code="g">&#x41F;&#x435;&#x447;&#x430;&#x442;&#x430;&#x43D;&#x43E; &#x43F;&#x43E; &#x441;&#x43E;&#x438;&#x437;&#x432;&#x43E;&#x43B;&#x435;&#x43D;&#x438;&#x44E; &#x438; &#x43E;&#x434;&#x43E;&#x431;&#x440;&#x435;&#x43D;&#x438;&#x44E; &#x413;&#x43E;&#x441;&#x443;&#x434;&#x430;&#x440;&#x441;&#x442;&#x432;&#x435;&#x43D;&#x43D;&#x43E;&#x439; &#x41C;&#x435;&#x434;&#x438;&#x446;&#x438;&#x43D;&#x441;&#x43A;&#x43E;&#x439; &#x43A;&#x43E;&#x43B;&#x43B;&#x435;&#x433;&#x438;&#x438;</subfield>
  </datafield>
  <datafield tag="210" ind1=" " ind2=" ">
    <subfield code="a">&#x421;&#x41F;&#x431;.</subfield>
    <subfield code="c">&#x41F;&#x440;&#x438; &#x428;&#x43B;&#x44F;&#x445;&#x435;&#x442;. &#x421;&#x443;&#x445;&#x43E;&#x43F;&#x443;&#x442;. &#x43A;&#x430;&#x434;&#x435;&#x442;. &#x43A;&#x43E;&#x440;&#x43F;&#x443;&#x441;&#x435;</subfield>
    <subfield code="d">1790</subfield>
  </datafield>
  <datafield tag="215" ind1=" " ind2=" ">
    <subfield code="d">8&#xB0;</subfield>
  </datafield>
  <datafield tag="305" ind1=" " ind2=" ">
    <subfield code="a">&#x418;&#x43C;&#x435;&#x435;&#x442;&#x441;&#x44F; &#x442;&#x438;&#x442;&#x443;&#x43B;. &#x438;&#x437;&#x434;. 1791 &#x433;., &#x432;&#x44B;&#x43F;&#x443;&#x449;&#x435;&#x43D;&#x43D;&#x43E;&#x435; &#x43F;&#x43E;&#x434; &#x437;&#x430;&#x433;&#x43B;.: &#x41E; &#x43B;&#x438;&#x445;&#x43E;&#x440;&#x430;&#x434;&#x43A;&#x430;&#x445;. &#x41F;&#x435;&#x440;&#x432;&#x43E;&#x43D;&#x430;&#x447;. &#x442;&#x438;&#x442;. &#x43B;. &#x441;&#x43E;&#x445;&#x440;&#x430;&#x43D;&#x435;&#x43D;.</subfield>
  </datafield>
  <datafield tag="320" ind1=" " ind2=" ">
    <subfield code="a">&#x412; &#x43F;&#x440;&#x435;&#x434;&#x438;&#x441;&#x43B;. - &#x43A;&#x440;&#x430;&#x442;&#x43A;&#x438;&#x439; &#x43E;&#x431;&#x437;&#x43E;&#x440; &#x440;&#x443;&#x441;. &#x438;&#x437;&#x434;. &#x43F;&#x43E; &#x43C;&#x435;&#x434;&#x438;&#x446;&#x438;&#x43D;&#x435;.</subfield>
  </datafield>
  <datafield tag="321" ind1="1" ind2=" ">
    <subfield code="a">&#x421;&#x41A; XVIII 5137</subfield>
  </datafield>
  <datafield tag="451" ind1=" " ind2="1">
    <subfield code="1">001RU\NLR\A1\22075</subfield>
    <subfield code="1">2001#$a&#x41E; &#x43B;&#x438;&#x445;&#x43E;&#x440;&#x430;&#x434;&#x43A;&#x430;&#x445;$f&#x421;&#x43E;&#x447;&#x438;&#x43D;&#x435;&#x43D;&#x438;&#x435; &#x41C;&#x430;&#x442;&#x432;&#x435;&#x44F; &#x41F;&#x435;&#x43A;&#x435;&#x43D;&#x430;, &#x43D;&#x430;&#x434;&#x432;&#x43E;&#x440;&#x43D;&#x430;&#x433;&#x43E; &#x441;&#x43E;&#x432;&#x435;&#x442;&#x43D;&#x438;&#x43A;&#x430; &#x438; &#x43F;&#x440;&#x43E;&#x444;&#x435;&#x441;&#x441;&#x43E;&#x440;&#x430; &#x43F;&#x440;&#x438; &#x41A;&#x440;&#x43E;&#x43D;&#x448;&#x442;&#x430;&#x442;&#x441;&#x43A;&#x43E;&#x43C; &#x432;&#x440;&#x430;&#x447;&#x435;&#x431;&#x43D;&#x43E;&#x43C; &#x443;&#x447;&#x438;&#x43B;&#x438;&#x449;&#x435;$g&#x41F;&#x435;&#x447;&#x430;&#x442;&#x430;&#x43D;&#x43E; &#x43F;&#x43E; &#x441;&#x43E;&#x438;&#x437;&#x432;&#x43E;&#x43B;&#x435;&#x43D;&#x438;&#x44E; &#x438; &#x43E;&#x434;&#x43E;&#x431;&#x440;&#x435;&#x43D;&#x438;&#x44E; &#x413;&#x43E;&#x441;&#x443;&#x434;&#x430;&#x440;&#x441;&#x442;&#x432;&#x435;&#x43D;&#x43D;&#x43E;&#x439; &#x41C;&#x435;&#x434;&#x438;&#x446;&#x438;&#x43D;&#x441;&#x43A;&#x43E;&#x439; &#x43A;&#x43E;&#x43B;&#x43B;&#x435;&#x433;&#x438;&#x438;</subfield>
    <subfield code="1">700#1$a&#x41F;&#x435;&#x43A;&#x435;&#x43D;$b&#x41C;.&#x425;.$f1755-1819$g&#x41C;&#x430;&#x442;&#x432;&#x435;&#x439; &#x425;&#x440;&#x438;&#x441;&#x442;&#x438;&#x430;&#x43D;&#x43E;&#x432;&#x438;&#x447;$4070</subfield>
    <subfield code="9">9684882</subfield>
    <subfield code="a">&#x41F;&#x435;&#x43A;&#x435;&#x43D;, &#x41C;.&#x425;. (1755-1819)</subfield>
    <subfield code="c">&#x412; &#x421;&#x430;&#x43D;&#x43A;&#x442;&#x43F;&#x435;&#x442;&#x435;&#x440;&#x431;&#x443;&#x440;&#x433;&#x435;</subfield>
    <subfield code="d">1791</subfield>
    <subfield code="f">&#x441;&#x43E;&#x447;&#x438;&#x43D;&#x435;&#x43D;&#x438;&#x435; &#x41C;&#x430;&#x442;&#x432;&#x435;&#x44F; &#x41F;&#x435;&#x43A;&#x435;&#x43D;&#x430;, &#x43D;&#x430;&#x434;&#x432;&#x43E;&#x440;&#x43D;&#x430;&#x433;&#x43E; &#x441;&#x43E;&#x432;&#x435;&#x442;&#x43D;&#x438;&#x43A;&#x430; &#x438; &#x43F;&#x440;&#x43E;&#x444;&#x435;&#x441;&#x441;&#x43E;&#x440;&#x430; &#x43F;&#x440;&#x438; &#x41A;&#x440;&#x43E;&#x43D;&#x448;&#x442;&#x430;&#x442;&#x441;&#x43A;&#x43E;&#x43C; &#x432;&#x440;&#x430;&#x447;&#x435;&#x431;&#x43D;&#x43E;&#x43C; &#x443;&#x447;&#x438;&#x43B;&#x438;&#x449;&#x435;.</subfield>
    <subfield code="n">&#x43F;&#x440;&#x438; &#x418;&#x43C;&#x43F;&#x435;&#x440;&#x430;&#x442;&#x43E;&#x440;&#x441;&#x43A;&#x43E;&#x43C; &#x428;&#x43B;&#x44F;&#x445;&#x435;&#x442;&#x43D;&#x43E;&#x43C; &#x441;&#x443;&#x445;&#x43E;&#x43F;&#x443;&#x442;&#x43D;&#x43E;&#x43C; &#x43A;&#x430;&#x434;&#x435;&#x442;&#x441;&#x43A;&#x43E;&#x43C; &#x43A;&#x43E;&#x440;&#x43F;&#x443;&#x441;&#x435;</subfield>
    <subfield code="p">[26], 448 &#x441;.</subfield>
    <subfield code="t">&#x41E; &#x43B;&#x438;&#x445;&#x43E;&#x440;&#x430;&#x434;&#x43A;&#x430;&#x445;</subfield>
    <subfield code="u">https://vivaldi.nlr.ru/bx000025082/view</subfield>
  </datafield>
  <datafield tag="463" ind1=" " ind2="0">
    <subfield code="1">001RU\NLR\A1\22069</subfield>
    <subfield code="1">2001#$a&#x41E; &#x43B;&#x438;&#x445;&#x43E;&#x440;&#x430;&#x434;&#x43A;&#x430;&#x445;</subfield>
    <subfield code="9">13474902</subfield>
    <subfield code="d">1790</subfield>
    <subfield code="p">[23], 448 &#x441;.</subfield>
    <subfield code="t">&#x41E; &#x43B;&#x438;&#x445;&#x43E;&#x440;&#x430;&#x434;&#x43A;&#x430;&#x445;</subfield>
  </datafield>
  <datafield tag="518" ind1="1" ind2=" ">
    <subfield code="a">&#x41D;&#x430;&#x447;&#x430;&#x43B;&#x44C;&#x43D;&#x44B;&#x435; &#x43E;&#x441;&#x43D;&#x43E;&#x432;&#x430;&#x43D;&#x438;&#x44F; &#x434;&#x435;&#x44F;&#x442;&#x435;&#x43B;&#x44C;&#x43D;&#x43E;&#x439; &#x432;&#x440;&#x430;&#x447;&#x435;&#x431;&#x43D;&#x43E;&#x439; &#x43D;&#x430;&#x443;&#x43A;&#x438;</subfield>
  </datafield>
  <datafield tag="620" ind1=" " ind2=" ">
    <subfield code="d">&#x421;&#x430;&#x43D;&#x43A;&#x442;-&#x41F;&#x435;&#x442;&#x435;&#x440;&#x431;&#x443;&#x440;&#x433;</subfield>
  </datafield>
  <datafield tag="700" ind1=" " ind2="1">
    <subfield code="a">&#x41F;&#x435;&#x43A;&#x435;&#x43D;</subfield>
    <subfield code="b">&#x41C;.&#x425;.</subfield>
    <subfield code="f">1755-1819</subfield>
    <subfield code="g">&#x41C;&#x430;&#x442;&#x432;&#x435;&#x439; &#x425;&#x440;&#x438;&#x441;&#x442;&#x438;&#x430;&#x43D;&#x43E;&#x432;&#x438;&#x447;</subfield>
    <subfield code="4">070</subfield>
  </datafield>
  <datafield tag="712" ind1="0" ind2="1">
    <subfield code="4">190</subfield>
    <subfield code="a">&#x420;&#x43E;&#x441;&#x441;&#x438;&#x44F;</subfield>
    <subfield code="b">&#x41C;&#x435;&#x434;&#x438;&#x446;&#x438;&#x43D;&#x441;&#x43A;&#x430;&#x44F; &#x43A;&#x43E;&#x43B;&#x43B;&#x435;&#x433;&#x438;&#x44F;</subfield>
    <subfield code="3">RU\NLR\AUTH\889934779</subfield>
    <subfield code="9">364584</subfield>
  </datafield>
  <datafield tag="712" ind1="0" ind2="2">
    <subfield code="4">610</subfield>
    <subfield code="a">&#x421;&#x443;&#x445;&#x43E;&#x43F;&#x443;&#x442;&#x43D;&#x44B;&#x439; &#x448;&#x43B;&#x44F;&#x445;&#x435;&#x442;&#x43D;&#x44B;&#x439; &#x43A;&#x430;&#x434;&#x435;&#x442;&#x441;&#x43A;&#x438;&#x439; &#x43A;&#x43E;&#x440;&#x43F;&#x443;&#x441;</subfield>
    <subfield code="c">&#x41F;&#x435;&#x442;&#x435;&#x440;&#x431;&#x443;&#x440;&#x433;</subfield>
    <subfield code="b">&#x422;&#x438;&#x43F;&#x43E;&#x433;&#x440;&#x430;&#x444;&#x438;&#x44F;</subfield>
    <subfield code="3">RU\NLR\AUTH\880627501</subfield>
    <subfield code="9">2659869</subfield>
  </datafield>
  <datafield tag="801" ind1=" " ind2="0">
    <subfield code="a">RU</subfield>
    <subfield code="b">NLR</subfield>
    <subfield code="c">19980622</subfield>
  </datafield>
  <datafield tag="852" ind1=" " ind2=" ">
    <subfield code="a">NLR</subfield>
    <subfield code="j">18.7.5.5</subfield>
  </datafield>
  <datafield tag="899" ind1=" " ind2=" ">
    <subfield code="a">&#x420;&#x413;&#x411;</subfield>
  </datafield>
  <datafield tag="899" ind1=" " ind2=" ">
    <subfield code="a">&#x412;&#x41C;&#x410;</subfield>
  </datafield>
  <datafield tag="899" ind1=" " ind2=" ">
    <subfield code="a">&#x411;&#x410;&#x41D;</subfield>
  </datafield>
  <datafield tag="899" ind1=" " ind2=" ">
    <subfield code="a">&#x41C;&#x413;&#x423;</subfield>
  </datafield>
  <datafield tag="899" ind1=" " ind2=" ">
    <subfield code="a">&#x41A;&#x43E;&#x441;&#x442;&#x41E;&#x423;&#x41D;&#x411;</subfield>
  </datafield>
  <datafield tag="899" ind1=" " ind2=" ">
    <subfield code="a">&#x41D;&#x413;&#x41E;&#x41D;&#x411;</subfield>
  </datafield>
  <datafield tag="942" ind1=" " ind2=" ">
    <subfield code="c">BOOK</subfield>
  </datafield>
  <datafield tag="980" ind1=" " ind2=" ">
    <subfield code="a">NB</subfield>
  </datafield>
  <datafield tag="980" ind1=" " ind2=" ">
    <subfield code="a">A1XVIIIv</subfield>
  </datafield>
</record>
